| 000 | 00598nam a2200217Ia 4500 | ||
|---|---|---|---|
| 005 | 20230515154459.0 | ||
| 008 | 131103s9999 xx 000 0 und d | ||
| 020 |
_a8126019948 _cRs 25 |
||
| 040 | _aLoreto College | ||
| 041 | _aEnglish | ||
| 082 |
_aTAG 891.44 _bTAG-GHO |
||
| 100 | _aGhose, Sisirkumar | ||
| 245 |
_aRabindranath Tagore _cBy Sisirkumar Ghose |
||
| 260 |
_aNew Delhi _bSahitya Akademi _c2007 |
||
| 440 | _aMakers of Indian Literature | ||
| 630 | _aBengali Literature | ||
| 650 | _aTagore, Rabindranath | ||
| 651 | _aLiterature in Bengali | ||
| 850 | _aLCLIB | ||
| 942 | _cBK | ||
| 999 |
_c36117 _d86596 |
||